| 000 | 00791nam a2200253Ia 4500 | ||
|---|---|---|---|
| 003 | IN-BaIIA | ||
| 008 | 211028s9999 xx 000 0 eng d | ||
| 020 | _a0-07-044816-7 | ||
| 040 | _cIIA Library | ||
| 080 |
_a531 _bMCL |
||
| 100 |
_aMclean, W. G. _910560 |
||
| 245 | 0 |
_aSchaum's outline of theory and problems of engineering mechanics _bstatics and dynamics _cW. G. Mclean and E. W. Nelson |
|
| 250 | _a2nd ed. | ||
| 260 |
_aNew York _bSchaum Publishing _c1962 |
||
| 300 | _a355p. | ||
| 490 | _aSchaum's outline series | ||
| 500 | _aXerox copy | ||
| 650 | _aCelestial mechanics | ||
| 650 |
_aMechanice _929808 |
||
| 650 |
_aQuantum dynamics _910561 |
||
| 650 | _aQuantum mechanics | ||
| 700 |
_aNelson, E. W. _929809 |
||
| 942 | _cBK | ||
| 999 |
_c16110 _d16110 |
||